Quizzes
Events
Quiz Creation
Community
Videos
Private Events
Remove Ads
Sign In
Join for FREE
Feedback
Dark Mode
Quiz Categories
Sports
Geography
Music
Movies
Television
Just For Fun
Miscellaneous
History
Literature
Language
Science
Gaming
Entertainment
Religion
Holiday
For Kids
Quiz Lab
Recent
Popular Today
Quiz Kudos Today
Editor Picks
Curator Picks
Quizzes by...
Day
Popularity
Type
Ratings
Length
Year
Community
Subscriptions
Recent Discussions
Orange Saloon
Badges
Playlists
Quests
Create
Leaderboards
Showdown
Live 5
Trivia Bingo
Activity
Puzzle Library
Sporcle Events
Private Events
Virtual Trivia
Globe League
Become a Host
Pub Owners
SporcleCon
Opinionation
Our Games
Videos
Blog
Mobile Apps
Partnerships
Remove Ads and Go Orange
Feedback
Entertainment
Celebrity
Famous
Musical
Broadway
Show
Quote
Comic Books
Anime
Superhero
DC Comics
Marvel
Cartoons
Animation
Entertainment
Celebrity
Famous
Musical
Broadway
Show
Quote
Comic Books
Anime
Superhero
DC Comics
Marvel
Cartoons
Animation
Random Quiz
Search Sporcle
×
Quiz Lab
Quiz Lab
Entertainment
Clip
Type in answers that appear in a list
Type in answers that appear in a list
Classic
Best Score? Go Orange.
Disneyland Resort by Clip Stats
Can you name the Disneyland or California Adventure Ride or Attraction by the Audio Clip?
By
quietthings07
10m
32 Questions
2,707 Plays
2,707 Plays
2,707 Plays
Comments
Comments
Give Quiz Kudos
Give Quiz Kudos
-
- Ratings
hide this ad
Forced Order
Answers have to be entered in order
Answers have to be entered in order
Replay
Link that replays current quiz
Next Quiz
Link to next quiz in quiz playlist
You Got
0%
They Got
Avg Score
52%
Avg Friend Score
Upgrade to see
Score Distribution
Jump to the score distribution portion of the page
Score
0/32
Timer
10:00
1
Play Today
Time
% Correct
0:00 -
0:10
Space Mountain
86.6%
1:49 -
1:57
It's a Small World
79.6%
3:07 -
3:18
Haunted Mansion
78.1%
1:43 -
1:48
Peter Pan's Flight
77.8%
0:11 -
0:16
Toy Story Midway Mania
76.5%
0:25 -
0:38
Pirates of the Caribbean
75.2%
2:33 -
2:39
Twilight Zone Tower of Terror
75%
1:02 -
1:07
Indiana Jones Adventure
74.3%
1:58 -
2:08
Soarin' Over California
68.8%
2:52 -
3:06
Disneyland Railroad
65.1%
2:29 -
2:32
The Many Adventures of Winnie the Pooh
64%
1:08 -
1:16
Splash Mountain
62.6%
2:22 -
2:28
The Enchanted Tiki Room
62.4%
1:30 -
1:36
Star Tours
61.2%
2:40 -
2:51
Fantasmic!
61.2%
2:09 -
2:21
Alice in Wonderland
51.5%
Time
% Correct
3:34 -
3:40
King Arthur Carousel
47.6%
4:35 -
4:45
Main Street Electric Light Parade
47%
4:20 -
4:25
Pinocchio's Daring Journey
40.9%
4:16 -
4:19
Mr. Toad's Wild Ride
40.6%
3:41 -
3:49
Ariel's Undersea Adventure
40%
3:50 -
3:55
Matterhorn Bobsleds
40%
4:57 -
5:14
California Screamin'
39%
1:37 -
1:42
It's Tough To Be a Bug
37.7%
0:39 -
0:48
Buzz Lightyear Astro Blasters
36.6%
4:26 -
4:34
Muppetvision 3D
36.3%
3:56 -
4:15
Finding Nemo Submarine Voyage
32.9%
0:17 -
0:24
Roger Rabbit's Cartoon Spin
31.2%
0:49 -
1:01
Silly Symphony Swings
30.5%
4:46 -
4:56
Mickey's Soundsational Parade
28.2%
1:17 -
1:29
World of Color
26.4%
3:19 -
3:33
Honey I Shrunk the Audience
19.3%
Quiz Playlist
Details
Report
Send in Message
Add To Playlist
Classic:
Type in answers that appear in a list
Forced Order:
Answers have to be entered in order
Quiz Source
Last Updated: Feb 16, 2017
Quiz Scoreboard
CHALLENGE
Sign Up to Join the Scoreboard
Show All
Scores
Hide
Comments
May contain spoilers
Recently Published
College Basketball Coaching Resumes
by pancakes188
Sports
9m
Billboard Blitz: Fleetwood Mac
by CooCooCachoo
Music
15s
Presidents Visiting Landmarks
by Hejman
History
7m
More to Explore
Quiz From the Vault
Featured Blog Post
Where Did the Easter Bunny Come From?
hide this ad
You Might Also Like...
Tags
Clip Quiz
Disney Quiz
attraction
Audio Quiz
Disney Films
Disneyland
Disney World
Music Clip
ride
Today's Top Quizzes in Entertainment
Browse Entertainment
hide this ad
Today's Top Quizzes in Clip
Browse Clip
Top Contributed Quizzes in Entertainment
1
7-to-1: DC Comics Villains
2
Marvel Characters Bunker
3
Eurovision 2023 Logic Puzzle
4
Dragon Ball Z: Goku's Fights in Order
5
Criteria Quickie: Cartoon Taxonomy II
6
Sorting Pictures: Villains
7
Kamen Rider Motifs
8
Fictional Villains Letter U Blitz
9
Mini Trivia Sudoku: Musicals
10
Dragon Ball Z: Mega Character Search
Explore More
Trending Topics
Anime
Marvel
Disney
Harry Potter
NBA
Crossword
Kpop
Soccer
Country
Pokémon
NFL
Song
The Office
Puzzle
WWE
hide this ad
More By:
quietthings07
Quiz
Plays
Rating
Category
Featured
Created
Disneyland Resort by Clip
2,707
3.83
Entertainment
Jul 20, 2011
NYU Admissions Ambassadors
133
Entertainment
May 4, 2011
Go to Creator's Profile
Score Distribution
Quiz Creator Spotlight
quietthings07
Follow
Send a Message
Quizzes Created
-
Created Quiz Play Count
-
More By This Creator
Popular Quizzes Today
1
Find the US States - No Outlines Minefield
2
Find the Countries of Europe - No Outlines Minefield
3
The Countries of the World
4
Find the US States
5
Risky Map Clicking: Biggest States A-Z
6
US States
7
Popular People in 1961
8
Movies - When Are They Set?
More Entertainment Quizzes
Doctor Who Character Blitz: Time Lord Victorious
Quiz Lab
Trending Quizzes
Risky Map Clicking: Least Populous States A-Z
1-10 Letter G Words
1-10 Letter F Words
Risky Map Clicking: Next State Alphabetically
Risky Map Clicking: Biggest States A-Z
Recently Updated
Leaping Animals
pecheneg
Reality TV Shows (A-Z)
bhenderson79
Rickey Henderson's Hall of Fame Teammates
pecheneg
Champions League XIs: Arsenal
pecheneg
Quick Pick: Celebrities in WWE's Hall of Fame
aduchscher
A-Z Keypad Blitz II
pecheneg
Multiple Oscar Actors
pecheneg
Mystery Phrase Blitz: Oscar 'Best Actors'
pecheneg
F. Scott Fitzgerald Novels
LTH
Pick 3 Villains
ddd62291
Trending Topics
Kpop
Harry Potter
Disney
Anime
NBA
Marvel
Crossword
Puzzle
NFL
Song
Soccer
Pokémon
The Office
WWE
Country
Your Account Isn't Verified!
In order to create a playlist on Sporcle, you need to verify the email address you used during registration. Go to your
Sporcle Settings
to finish the process.
Report this User
Report this user for behavior that violates our
Community Guidelines
.
Details:
Send Report
Go to the Sporcle.com Mobile Site →
Comments